| 000 | 01002nmc a2200349 a 4500 | ||
|---|---|---|---|
| 003 | AR-BaBNM | ||
| 005 | 20251128205449.0 | ||
| 008 | 011101s1995 ||||||||||||||000 | spa|| | ||
| 020 | _a950-9467-58-8 | ||
| 040 | _cAR-BaBNM | ||
| 245 | 1 | 0 | _aHistoria de la educación en Iberoamérica [1945-1992] |
| 260 |
_aBuenos Aires _bMiño y Dávila _c1995 |
||
| 300 |
_a283 p. _btablas |
||
| 490 | 0 |
_aHistoria de la educación iberoamericana _vv. 1 |
|
| 504 | _aContiene bibliografía al final de cada capítulo | ||
| 650 | 4 | _aHISTORIA DE LA EDUCACION | |
| 650 | 4 | _aSIGLO VEINTE | |
| 650 | 4 | _aESTADO Y EDUCACION | |
| 650 | 4 | _aDEMOCRATIZACION DE LA EDUCACION | |
| 650 | 4 | _aREFORMA DE LA EDUCACION | |
| 651 | 4 | _aEspaña | |
| 651 | 4 | _aCuba | |
| 651 | 4 | _aColombia | |
| 651 | 4 | _aChile | |
| 651 | 4 | _aBolivia | |
| 651 | 4 | _aArgentina | |
| 651 | 4 | _aAmérica Latina | |
| 700 | 1 |
_aPuiggrós, Adriana _ecompilador |
|
| 700 | 1 |
_aLozano Seijas, Claudio _ecompilador |
|
| 942 | _cBK | ||
| 998 | _cSILVI | ||
| 999 |
_c11505 _d11505 |
||